| Tag |
First Indicator |
Second Indicator |
Subfields |
| LEADER |
00000cam a2200000 4500 |
| 001 |
in00000081545 |
| 005 |
20151008053010.0 |
| 008 |
720522s1964 nyu 00000 eng u |
| 010 |
|
|
|a 64018678
|
| 035 |
|
|
|a (OCoLC)00313753
|
| 035 |
|
|
|9 AAH5794AM
|
| 040 |
|
|
|c YNG
|d TXA
|d UtOrBLW
|
| 049 |
|
|
|a TXAM
|c 1 [416340]
|
| 050 |
|
0 |
|a HD6508
|b .C68
|
| 092 |
|
|
|a 331.88
|b C734u
|
| 110 |
2 |
|
|a Committee for Economic Development.
|
| 245 |
1 |
0 |
|a Union powers and union functions :
|b toward a better balance /
|c a statement on national policy by the Research and Policy Committee of the Committee for Economic Development.
|
| 264 |
|
1 |
|a [New York],
|b [publisher not identified] ;
|c [1964]
|
| 300 |
|
|
|a 43 pages
|
| 336 |
|
|
|a text
|b txt
|2 rdacontent
|
| 337 |
|
|
|a unmediated
|b n
|2 rdamedia
|
| 338 |
|
|
|a volume
|b nc
|2 rdacarrier
|
| 650 |
|
0 |
|a Labor unions
|z United States.
|
| 999 |
|
|
|a MARS
|
| 999 |
f |
f |
|s c8f2b8c9-57ea-3395-9056-7d00977f2f71
|i 2ed97cf6-d863-3e81-bb21-3084df45d774
|t 0
|
| 952 |
f |
f |
|p ric
|a Texas A&M University
|b Rellis Campus
|c Joint Library Facility
|d Remote Storage
|t 0
|e HD6508 .C68
|h Library of Congress classification
|i unmediated -- volume
|m A14800723079
|
| 998 |
f |
f |
|a HD6508 .C68
|t 0
|l Remote Storage
|